Science Quiz

Random Science or Anatomy Quiz

BIO 110 Chap 7 Test 1 September 19, 2016 Quiz Stats

Quiz not verified by Sporcle

Also try: Venomous Animals
Challenge
Share
Tweet
Embed
Score 0/11 Timer 10:00
0 Plays Today
% Correct
Calcaneus, talus, navicular, cuboid, lateral cuneiform bone, intermediate cuneiform bone, medial cuneiform bone
80%
Includes bones of the upper and lower limbs and supporting elements
60%
Most frequently fractured carpal bone
60%
Lunate, scaphoid, triquetrum, pisiform, trapezium, hamate, capitate, trapezoid
60%
Fusion of ilium, ischium and pubis that create a single hip bone
60%
Greater percentage of women incur sports injuries due to miserable malalignment, patellofemoralpain, and stress fractures
60%
Abnormal muscle development distorts growing bones and joints causing feet to be turned medically and inverted
60%
stretching or tearing of muscle or tendon
60%
Problems with the ankle and foot
40%
Longitudinal arch never develops due to tendons and ligaments losing elasticity
40%
Ligament stretched to point of tearing collagen fibers
20%

You're not logged in!

Compare scores with friends on all Sporcle quizzes.
Sign Up with Email
OR
Log In

You Might Also Like...

Show Comments

Extras

Top Quizzes Today


Score Distribution

Your Account Isn't Verified!

In order to create a playlist on Sporcle, you need to verify the email address you used during registration. Go to your Sporcle Settings to finish the process.

Report this User

Report this user for behavior that violates our Community Guidelines.

Details: